<?xml version="1.0" encoding="UTF-8"?>
<collection xmlns="http://www.loc.gov/MARC21/slim">
<record>
  <controlfield tag="001">153677</controlfield>
  <controlfield tag="005">20251017144617.0</controlfield>
  <datafield tag="024" ind1="7" ind2=" ">
    <subfield code="2">doi</subfield>
    <subfield code="a">10.1007/s11229-025-04995-8</subfield>
  </datafield>
  <datafield tag="024" ind1="8" ind2=" ">
    <subfield code="2">sideral</subfield>
    <subfield code="a">143767</subfield>
  </datafield>
  <datafield tag="037" ind1=" " ind2=" ">
    <subfield code="a">ART-2025-143767</subfield>
  </datafield>
  <datafield tag="041" ind1=" " ind2=" ">
    <subfield code="a">eng</subfield>
  </datafield>
  <datafield tag="100" ind1=" " ind2=" ">
    <subfield code="a">Parra Rubio, Federico</subfield>
    <subfield code="u">Universidad de Zaragoza</subfield>
    <subfield code="0">(orcid)0000-0003-4072-9157</subfield>
  </datafield>
  <datafield tag="245" ind1=" " ind2=" ">
    <subfield code="a">Intersubjective, systemic, and sensory roots of autistic social difficulties: a critical evaluation of enactivist and phenomenological approaches</subfield>
  </datafield>
  <datafield tag="260" ind1=" " ind2=" ">
    <subfield code="c">2025</subfield>
  </datafield>
  <datafield tag="506" ind1="0" ind2=" ">
    <subfield code="a">Access copy available to the general public</subfield>
    <subfield code="f">Unrestricted</subfield>
  </datafield>
  <datafield tag="520" ind1="3" ind2=" ">
    <subfield code="a">Despite some remarkable accomplishments, enactivist and phenomenological approaches to autistic social difficulties remain highly problematic. Their conceptualization of social disablement as a disturbance of our pre-reflective understanding of others is promising and constitutes a better explanation than Theory of Mind. However, more care is needed when it comes to analyzing the causes of such disturbance. This article argues that any account of autistic social cognition that aims to provide an accurate picture should engage with the following three roots of autistic social difficulties: (1) intersubjective differences, (2) systemic discrimination and (3) sensory modulation. This article also examines how established literature has approached these causes, what limitations it presents and how more recent enactivist and phenomenological perspectives are overcoming them. Suggestions on how such three roots should be studied follow from this analysis. Firstly, I contend that intersubjective differences act as a source of difficulties for both autistic and non-autistic people, as already stated by the double-empathy problem (Milton in Disabil Soc 27(6):883–887, 2012). Additionally, I show that the systemic exclusion of autistic embodiment from participatory sense-making must be analyzed as the result of power dynamics and not as stemming from mere atypicality. Finally, I detail how sensory/attentional modulation in autistic individuals interacts with the other two sources of social difficulties but should not be taken to be their cause. Overall, a nuanced perspective that includes the political, intersubjective, and sensory roots of autistic social disablement is presented as a necessary step towards creating better research and more inclusive practices.</subfield>
  </datafield>
  <datafield tag="540" ind1=" " ind2=" ">
    <subfield code="9">info:eu-repo/semantics/openAccess</subfield>
    <subfield code="a">by</subfield>
    <subfield code="u">https://creativecommons.org/licenses/by/4.0/deed.es</subfield>
  </datafield>
  <datafield tag="655" ind1=" " ind2="4">
    <subfield code="a">info:eu-repo/semantics/article</subfield>
    <subfield code="v">info:eu-repo/semantics/publishedVersion</subfield>
  </datafield>
  <datafield tag="710" ind1="2" ind2=" ">
    <subfield code="1">5012</subfield>
    <subfield code="2">375</subfield>
    <subfield code="a">Universidad de Zaragoza</subfield>
    <subfield code="b">Unidad Predepartam. Filosofía</subfield>
    <subfield code="c">Área Filosofía</subfield>
  </datafield>
  <datafield tag="773" ind1=" " ind2=" ">
    <subfield code="g">205, 153 (2025), [26 pp.]</subfield>
    <subfield code="p">Synthese</subfield>
    <subfield code="t">SYNTHESE</subfield>
    <subfield code="x">0039-7857</subfield>
  </datafield>
  <datafield tag="856" ind1="4" ind2=" ">
    <subfield code="s">1195885</subfield>
    <subfield code="u">http://zaguan.unizar.es/record/153677/files/texto_completo.pdf</subfield>
    <subfield code="y">Versión publicada</subfield>
  </datafield>
  <datafield tag="856" ind1="4" ind2=" ">
    <subfield code="s">1450027</subfield>
    <subfield code="u">http://zaguan.unizar.es/record/153677/files/texto_completo.jpg?subformat=icon</subfield>
    <subfield code="x">icon</subfield>
    <subfield code="y">Versión publicada</subfield>
  </datafield>
  <datafield tag="909" ind1="C" ind2="O">
    <subfield code="o">oai:zaguan.unizar.es:153677</subfield>
    <subfield code="p">articulos</subfield>
    <subfield code="p">driver</subfield>
  </datafield>
  <datafield tag="951" ind1=" " ind2=" ">
    <subfield code="a">2025-10-17-14:20:05</subfield>
  </datafield>
  <datafield tag="980" ind1=" " ind2=" ">
    <subfield code="a">ARTICLE</subfield>
  </datafield>
</record>
</collection>